1172 1206 1308 1077 1844 1154 1229 1281 1937 1883 1208 1416 1843 1370 1795 1681 1893 1470 1859 1083 1158 1283 1879 1284 1787 1412 1041 1277 1342 1867 1349 1104 1434 1442 1122 1996 1764 1669 1843 1458 1119 1624 1698 1045 1549 1177 1459 1139 1856 1186 1107 1258 1461 1514 1881 1934 1842 1160 1459 1579 1117 1906 1036 1470 1627 1870 1839 1605 1055 1605 1090 1936 1096 1471 1302 1563 1806 1996 1513 1735 1121 1874 1733 1261 1598 1724 1405 1620 1756 1056 1141 1477 1087 1790 1939 1740 1129 1021 1091 BCNSPRNW ULIB Ver.6.0+V

เปลี่ยนเป็นภาษาไทย

Change to English
 แสดงรายละเอียดบรรณานุกรม
  กลับหน้าหลัก

Brief Record : Get Marc (ISO 2709) : E-mail record : QR code < ปิดหน้าต่าง
LEADER : 00000nam 2200000uu 4500
001    13399128245
003     ULIB
008    220822s2557||||th 000 0 tha d
020    ^a9786162996993 (ล.1)
050  0 ^aนว^bก947ล^cล.1
100 0  ^aโก้วเล้ง
245 10 ^aลูกปลาน้อยเซียวฮื้อยี้ เล่ม 1. /^cโก้วเล้ง, เขียน ; น.นพรัตน์, แปล
246 30 ^aเซียวฮื้อยี้
250    ^aพิมพ์ครั้งที่ 1
260    ^aกรุงเทพฯ :^bสยามอินเตอร์บุ๊ค,^c2557
300    ^a6 เล่ม ;^c21 ซม.
650  4 ^aนวนิยายจีนกำลังภายใน
650  4 ^aนวนิยายจีน^xการแปลเป็นภาษาไทย
653    ^aOpen Your Eyes Project
700 0  ^aน.นพรัตน์,^eผู้แปล
945    ^p260^l0^i009350
999    ^aประนอม เกษจรัล
รายการนี้ยังไม่มีแท็ก
คุณยังไม่ได้ล็อกอิน คุณสามารถมีกิจกรรมร่วมกับเว็บไซต์ได้ แต่ต้องล็อกอินก่อน ::
  ล็อกอิน

รายการสื่อสารสนเทศ

ลำดับที่ ประเภท เลขเรียก/บาร์โค้ด สถานที่ สถานะ
1. นวนิยาย
นวนิยาย
นว ก947ล ล.1 ฉ.1 
  Barcode: 009350
ห้องสมุดวิทยาเขตสวรรค์ประชารักษ์
►หนังสือทั่วไป
บนชั้น

รายการใกล้เคียง
    ผู้แต่ง [โก้วเล้ง]

    หัวเรื่อง [นวนิยายจีนกำลังภายใน]

BibComment


ยังไม่เคยถูกคอมเมนท์

คอมเมนท์ทรัพยากรรายการนี้
  คอมเมนท์: ลูกปลาน้อยเซียวฮ..


 Copyright 2026. Bcnsprnw @Library